• 首页
  • 本馆介绍
  • 公告通知
  • 最新文献
  • 馆藏检索
  • 电子资源
  • 读者荐购
  • 参考咨询
  • CALIS
  • 我的图书馆
  • 登录
  • 详细信息显示
  • 放入我的书架
  • 预约/预借图书
  • 作者相关作品
  • 分类相关作品
  • 丛书相关作品
  • 出版社相关作品

书目信息

  • 表格格式
  • 工作单格式
  • 卡片格式
题名:
国际组织及机构指南
    
 
作者: 谢艳明 主编
分册:  
出版信息: 开封   河南大学出版社  2005.10
页数: 161页
开本: 23cm
丛书名: 全球化思维英语指导丛书
单 册:
中图分类: H31
科图分类:
主题词: 英语--ying yu--英、汉--对照读物 , 国际组织--guo ji zu zhi--世界--指南
电子资源:
ISBN: 7-81091-423-5
 
 
 
 
 
000 01162nam 2200265 450
001 012006350953
005 20060626152714.79
010    @a7-81091-423-5@dCNY18.80
100    @a20060612d2005 km y0chiy0120 ea
101 0  @achi@aeng
102    @aCN@b410000
105    @ay z 000yy
200 1  @a国际组织及机构指南@Aguo ji zu zhi ji ji gou zhi nan@d= Guide to international organizations@f谢艳明主编@Fxie yan ming zhu bian@zeng
210    @a开封@c河南大学出版社@d2005.10
215    @a161页@d23cm
225 2  @a全球化思维英语指导丛书@Aquan qiu hua si wei ying yu zhi dao cong shu
330    @a本书为“全球化思维 ” 英语指导丛书之一本, 书中简要介绍了世界上40多个有重大影响的组织和机构, 重点介绍他们的组织形式和历史发展。 本书采取英汉对照方式, 特别强调英语词汇的学习, 对生词及背景知识作了详细的注解。 它为读者开启了一个了解世界的窗口。
410  0 @12001 @a全球化思维英语指导丛书
510 1  @aGuide to international organizations@zeng
606 0  @a英语@Aying yu@x英、汉@j对照读物
606 0  @a国际组织@Aguo ji zu zhi@y世界@j指南
690    @aH31@v4
701  0 @a谢艳明@Axie yan ming@4主编
801  0 @aCN@bQSSK@c20060626
905    @a10447@dH31@eX484
    
    国际组织及机构指南= Guide to international organizations/谢艳明主编.-开封:河南大学出版社,2005.10
    161页;23cm.-(全球化思维英语指导丛书)
    
    
    ISBN 7-81091-423-5:CNY18.80
    本书为“全球化思维 ” 英语指导丛书之一本, 书中简要介绍了世界上40多个有重大影响的组织和机构, 重点介绍他们的组织形式和历史发展。 本书采取英汉对照方式, 特别强调英语词汇的学习, 对生词及背景知识作了详细的注解。 它为读者开启了一个了解世界的窗口。
●
相关链接 在E读中查询图书 在当当中查询图书 在豆瓣中查询图书


正题名:国际组织及机构指南     索取号:H31/X484         预约/预借

序号 登录号 条形码 馆藏地/架位号 状态 备注
1 586488   205864885   语言库209/209语言库 88排2列6层/ [索取号:H31/X484] 在馆    
2 586489   205864894   语言库209/209语言库 88排2列6层/ [索取号:H31/X484] 在馆    
3 586490   205864901   语言库209/209语言库 88排2列6层/ [索取号:H31/X484] 在馆    
河南城建学院图书馆 欢迎您!
大连网信软件有限公司© 版权所有